[Event "Rottach Egern Seniors Cup 11th"]
[Site "Rottach Egern"]
[Date "2023.04.16"]
[Round "2"]
[White "Weyand, Fernand"]
[Black "Hansult, Manfred"]
[Result "1/2-1/2"]
[WhiteElo "1598"]
[BlackElo "1794"]
[PlyCount "41"]
[EventDate "2023.04.15"]
[EventType "swiss"]
[EventRounds "9"]
[EventCountry "GER"]
[SourceTitle "EXT 2024"]
[Source "ChessBase"]
[SourceDate "2023.10.10"]
[SourceVersion "1"]
[SourceVersionDate "2023.10.10"]
[SourceQuality "1"]

1. e4 c6 2. d4 d5 3. exd5 cxd5 4. Bf4 Nc6 5. c3 Nf6 6. Bd3 Bg4 7. Qc2 Bh5 8. Nd2 Bg6 9. Ngf3 e6 10. 0-0 Bxd3 11. Qxd3 Be7 12. Rfe1 0-0 13. Ne5 Nxe5 14. Bxe5 Bd6 15. f4 Be7 16. Qh3 Ne8 17. f5 exf5 18. Qxf5 Bd6 19. Nf3 Bxe5 20. Rxe5 Nf6 21. Rae1 1/2-1/2

[Event "GER-chB Seniors 27th"]
[Site "Magdeburg"]
[Date "2015.08.18"]
[Round "4"]
[White "Weyand, Fernand"]
[Black "Josting, Friedel"]
[Result "0-1"]
[WhiteElo "1777"]
[BlackElo "1942"]
[PlyCount "111"]
[EventDate "2015.08.15"]
[EventType "swiss"]
[EventRounds "9"]
[EventCountry "GER"]
[SourceTitle "EXT 2018"]
[Source "ChessBase"]
[SourceDate "2017.10.13"]
[SourceVersion "1"]
[SourceVersionDate "2017.10.13"]
[SourceQuality "1"]

1. e4 e6 2. d4 d5 3. Nd2 Nf6 4. e5 Nfd7 5. Bd3 c5 6. c3 Nc6 7. Ne2 Be7 8. 0-0 Nf8 9. f4 Bd7 10. Nf3 Rc8 11. Ng3 cxd4 12. cxd4 Qb6 13. Kh1 a5 14. Nh5 Rg8 15. f5 exf5 16. Bg5 Bxg5 17. Nxg5 Nxd4 18. Nf4 Be6 19. Qh5 h6 20. Nfxe6 hxg5 21. Nxg5 Qg6 22. Qh4 Nde6 23. Bxf5 Qh6 24. Qg4 Rc4 25. Qf3 Nxg5 26. Qxd5 Qc6 27. Qxa5 Nge6 28. Rad1 Rh8 29. Rd6 Qc5 30. Qa8+ Qc8 31. Qa3 Rhh4 32. Rfd1 Rc1 33. g3 Rxd1+ 34. Rxd1 Rc4 35. Kg2 g6 36. Bd3 Qc6+ 37. Kf2 Qb6+ 38. Kf1 Rc5 39. Qa8+ Ke7 40. Qa3 Qc6 41. Kf2 Ng5 42. Be2 Nh3+ 43. Ke1 Ke8 44. Rd6 Qh1+ 45. Kd2 Qc1+ 46. Kd3 Nf2+ 47. Kd4 Ne6+ 48. Rxe6+ fxe6 49. Qxc5 Qd2+ 50. Kc4 Qxe2+ 51. Kb3 Qd3+ 52. Ka4 Qd7+ 53. Ka5 Nd3 54. Qc3 Qd5+ 55. Ka4 Qxa2+ 56. Kb5 0-1